000 00912nam a2200253Ia 4500
003 OSt
005 20220923215424.0
006 a|||||r|||| 00| 0
007 ta
008 220922b |||||||| |||| 00| 0 hin d
024 _a178,616
037 _cTextual
040 _aARTS
_cARTS
_bhin
041 _2hin
_ahin
082 _aO152,1M86:g(R4), L7
100 _aरामदुलारी देवी
_9156263
245 0 _aमैथिलीशरण गुप्त के काव्य में नीति तत्व
246 _aMaithilīsharaṇ gupta ke kāvya mean nīti tatva
260 _aलखनऊ
_b कल्पकार प्रकाशन
_c1977
300 _a280 पृ.
_ccm.
650 _aहिन्दी साहित्य
_9156264
942 _hO152,1M86:g(R4), L7
_cTEXL
_2CC
999 _c331998
_d331998